| 000 | 00657nam a2200217 a 4500 | ||
|---|---|---|---|
| 001 | 51290 | ||
| 003 | BD-RjUL | ||
| 005 | 20211209075634.0 | ||
| 008 | 160830s1966 enka b 001 0 eng | ||
| 035 | _a(BD-RjUL)51410 | ||
| 040 |
_aDLC/ICU _cICU _dBD-RjUL _beng |
||
| 041 | _aeng | ||
| 082 | 0 | 0 |
_a515.55 _223 _bSLG 1966 |
| 100 | 1 |
_aSlater, Lucy Joan. _9153407 |
|
| 245 | 1 | 0 |
_aGeneralized hypergeometric functions / _cLucy Joan Slater |
| 260 |
_aCambridge : _bUniversity Press, _cc1966 |
||
| 300 |
_axiii, 273 p. : _bill. ; _c24 cm. |
||
| 504 | _aIncludes index and Bibliography: p. 255-268 | ||
| 650 | 0 |
_aHypergeometric functions. _9151975 |
|
| 942 |
_2ddc _cBK |
||
| 999 |
_c51290 _d51290 |
||